01007cam a2200217 450000500170000000800410001702000150005805000220007310000280009524502200012325000110034326000610035430000250041550400520044050600150049265000420050765000500054994200130059999900190061295201580063120250909132235.0030815s1996 mx 000 0 spa u a950508460904aKHA5866bE39 19961 aEdwards, Carlos Enrique10aGarantías constitucionales en materia penal b : Libertad personal, Principio de legalidad, Garantías procesales, La pena y su ejecución, Aplicación de los tratados internacionales c/ Carlos Enrique Edwards a1a ed. aArgentina :bAstrea de Alfredo y Ricardo Depalma, c1996 axv, 265 p. ;c20 cm. aIncluye apéndice, bibliografía : p. 263-265 aFomes 2001 72lembaProcedimiento penalzArgentina  72lembaGarantías constitucionaleszArgentina 2lcccLIB c133824d133824 102lcc4070aLIC-002bLIC-002cGENERALd2020-01-24f1a ed.kCSAoKHA5866 E39 1996pBFD000012061r2020-01-24 00:00:00t1v1.00yLIBzrecursos propios DGB